| 000 | 00446nam a22001817a 4500 | ||
|---|---|---|---|
| 003 | MPLRDC | ||
| 005 | 20220104144533.0 | ||
| 008 | 210129b ||||| |||| 00| 0 eng d | ||
| 020 | _a962-226-363-2 | ||
| 082 | _a528.957 ZGXWS | ||
| 100 | _a中国新闻社编 | ||
| 245 |
_a90亚运撷英 _c |
||
| 250 | _a初版 | ||
| 260 |
_a _b广角镜出版社 _c1990 |
||
| 300 | _b平 | ||
| 650 | _a橄榄球; 美式足球 | ||
| 942 |
_cBK _o528.957 ZGXWS |
||
| 999 |
_c50584 _d50574 |
||